Indian sand-painting : tribes, technics ans uses
Descripción Física:
[7] pàgines : il·lustracions en blanc i negre ; 23 x 15 cm
Otros Autores:
Jeançon, Jean Allard
Materias:
Fons Joan Junyer i Pascual (1909-1994)
; Indis de l'Amèrica del Nord
; Art amerindi -- Amèrica del Nord
Idioma:
Catalán , English
MARC
| LEADER | 00000nam a22000007a 4500 | ||
|---|---|---|---|
| 001 | 24895 | ||
| 003 | AGDB | ||
| 005 | 20260324181541.0 | ||
| 008 | 251219b spa||||| |||| 00| 0 cat d | ||
| 041 | |a eng | ||
| 100 | |a Douglas, Frederic H. (Frederic Huntington), |d 1897-1956 |9 72881 | ||
| 245 | |a Indian sand-painting : tribes, technics ans uses | ||
| 250 | |a 4th. printing | ||
| 260 | |a Denver : |b Denver Art Museum, |c 1939 | ||
| 300 | |a [7] pàgines : |b il·lustracions en blanc i negre ; |c 23 x 15 cm | ||
| 500 | |a Prové del fons Joan Junyer i Pascual (1909-1994) | ||
| 500 | |a A la portada: Denver Art Museum. Denver, Colorado. Department of Indian Art | ||
| 500 | |a Núm. 44 | ||
| 500 | |a Primera edició: 1932 | ||
| 650 | 0 | |a Fons Joan Junyer i Pascual (1909-1994) |9 72777 | |
| 650 | 0 | |a Indis de l'Amèrica del Nord |9 72891 | |
| 650 | 0 | |a Art amerindi--Amèrica del Nord |9 72884 | |
| 700 | |a Jeançon, Jean Allard |9 72882 |e autor | ||
| 710 | |a Denver Art Museum |9 72883 |e entitat editora | ||
| 942 | |2 udc |c ARXIU |n 1 | ||
| 952 | |0 0 |1 0 |2 udc |4 0 |6 F504233 |7 1 |9 98819 |a Arxiu |b Arxiu |d 2025-12-19 |l 0 |o F-504-233 |p 24895 |r 2025-12-19 09:47:50 |w 2025-12-19 |y ARXIU | ||
| 999 | |c 130506 |d 130506 | ||